| 000 | 00522nam a22001697a 4500 | ||
|---|---|---|---|
| 999 |
_c8398 _d8398 |
||
| 008 | 201118b ||||| |||| 00| 0 eng d | ||
| 040 | _aBMS College of Architecture | ||
| 100 | _aKoganoli, B Suyog | ||
| 245 | _aKalarangasthala (cultural hub) | ||
| 300 | _aNA | ||
| 500 | _a1BM15AT107 | ||
| 502 |
_8B,Arch _NBMS College of Architecture, Visvesvaraya Technological University (VTU) _aProject report _d2019 |
||
| 650 | _aNA | ||
| 700 |
_aJeeno Soa george _eGuide |
||
| 700 |
_aRema Vaidyanaathan _eGuide |
||
| 942 |
_2ddc _cTHE |
||